Every Smashing Pumpkins Album By Cover - Statistics

General Stats
  • This quiz has been taken 8 times
  • The average score is 8 of 16
Answer Stats
Picture Answer % Correct
Gish
100%
Adore
88%
Mellon Collie and the Infinite Sadness
88%
Siamese Dream
88%
Machina/The Machines of God
75%
Zeitgeist
75%
ATUM: A Rock Opera in Three Acts
63%
Oceania
50%
Earphoria
38%
Machina II/The Friends and Enemies of Modern Music
38%
CYR
25%
Rotten Apples
25%
Aghori Mhori Mei
13%
Monuments to an Elegy
13%
Picses Iscariot
13%
Shiny and Oh So Bright, Vol. 1 / LP: No Past. No Future. No Sun.
13%
No matching quizzes found
Score Distribution
Percent of People with Each Score
Percentile by Number Answered
Your Score History
You have not taken this quiz